| 000 | 00724nam a2200229 a 4500 | ||
|---|---|---|---|
| 999 |
_c11427 _d11427 |
||
| 001 | 11427 | ||
| 003 | BD-JhCC | ||
| 005 | 20190919131801.0 | ||
| 008 | 190612b20082012bg |||| ||a| 001 0 ben d | ||
| 020 | _a9847009300523 | ||
| 035 | _a(BD-JhCC)11427 | ||
| 040 |
_aBD-JhCC _dBD-JhCC |
||
| 041 | _aben | ||
| 082 |
_bCHO 2012 _a923.1 |
||
| 100 | _aচৌধরী, কাজল | ||
| 245 |
_aঅটোবায়োগ্রাফী অব জওহরলাল নেহরু / _cকাজল চৌধরী । |
||
| 260 |
_aঢাকা: _bনালন্দা; _c২০১২. |
||
| 300 |
_a৫৪৩ পৃ. : _c২২ সেমি. |
||
| 600 | _aNehero, Jawharlal | ||
| 942 |
_2ddc _cBK |
||